10 pytań o Polsce - Statystyki

Ogólne statystyki
  • Ten quiz został rozwiązany 55 razy
  • Średni wynik to 9 z 10
Statystyki odpowiedzi
# Odpowiedź % Poprawnych
6. Czy Polska jest większa od Japonii Nie
94%
10. Czy Polska jest większa niż Oman Tak
94%
2. Stolica Polski Warszawa
94%
9. Jaka jest najdłuższa rzeka w Polsce Wisła
94%
7. W którym roku Polska przyjeła chrzest 966
92%
3. 2 najwieksze miasto pod wzgledem ludzi Kraków
92%
4. pierwszy król polski Bolesław Chrobry
88%
1. Pełna nazwa Polski Rzeczpospolita Polska
88%
5. Najpopularniejsze nazwisko w 2023 i 2024 roku Nowak
86%
8. 5 największe miasto pod względem wielkości Wrocław
76%
Nie znaleziono quizów pasujących do podanych kryteriów
Rozkład punktacji
Procent ludzi z każdym wynikiem
Percentyl według liczby udzielonych odpowiedzi
Twoja historia wyników
Nie rozwiązałeś tego quizu